000 00634nam a2200241Ia 4500
003 OSt
005 20221006144005.0
006 a|||||r|||| 00| 0
007 ta
008 221006b |||||||| |||| 00| 0 eng d
024 _a10,583
037 _cTextual
040 _aEASL
_cEASL
_beng
041 _2eng
_aeng
082 _aV41,4.N24, L5
100 _aLYNN Jermyn Chi-hung
_9650726
245 0 _aPolitical parties in China
260 _aPeking
_bFrench Bookstore
_c1975
300 _a255p.
_ccm.
490 _v CEL
942 _hV41,4.N24, L5
_cTEXL
_2CC
999 _c1078669
_d1078669